000 00661nam a2200181 i 4500
001 146341
003 ES-MaACL
005 20230906201512.0
007 t|
008 070906s1973 sp ||||1| spa d
100 1 _aTrías Fargas, Ramón.
_9111378
245 1 0 _aObjetivos e instrumentos de la política económica española
_b: 1959-69 /
_cRamón Trías Fargas.
260 _a[Madrid] :
_bMoneda y Crédito,
_c1973.
300 _a6 h., IV, 15-309 p., 5 h. pleg. ;
_c23 cm.
500 _aPrecede al tít.: Servicios de Estudio en Barcelona. Banco Urquijo.
710 2 _aBanco Urquijo.
_bServicio de Estudios.
_92139
852 _aES-MaACL
_jC-55193
_bR.87792
999 _c146341
_d146341